书目信息 |
| 题名: |
热带鱼
|
|
| 作者: | 郁倩辉 | |
| 分册: | ||
| 出版信息: | 北京 金盾出版社 1997.04 |
|
| 页数: | 89页 | |
| 开本: | 19cm | |
| 丛书名: | ||
| 单 册: | ||
| 中图分类: | S965.8 | |
| 科图分类: | ||
| 主题词: | 水产养殖--技术 | |
| 电子资源: | ||
| ISBN: | 7-80022-418-X | |
| 000 | 00498nam0 2200193 45 | |
| 001 | 0308271030 | |
| 005 | 20030827105636.0 | |
| 010 | @a7-80022-418-X@dRMB3.50 | |
| 100 | @a20030827d1997 km y0chiy0120 ea | |
| 101 | @achi | |
| 105 | @a z 000yy | |
| 200 | 1 | @a热带鱼@Are dai yu@f郁倩辉@Fyu qian hui |
| 210 | @a北京@c金盾出版社@d1997.04 | |
| 215 | @a89页@c无图表@d19cm | |
| 606 | 0 | @a水产养殖@x技术 |
| 690 | @aS965.8@v3 | |
| 701 | 0 | @a郁倩辉 |
| 801 | @aCN@b@c20030827 | |
| 905 | @aBZT@dS965.8@e107 | |
| 热带鱼/郁倩辉.-北京:金盾出版社,1997.04 |
| 89页:无图表;19cm |
| ISBN 7-80022-418-X:RMB3.50 |
| ● |
| 相关链接 |
|
|
|
正题名:热带鱼
索取号:S965.8/107
 
预约/预借
| 序号 | 登录号 | 条形码 | 馆藏地/架位号 | 状态 | 备注 |
| 1 | 105286 | 200313945 | 中心书库中库/ 中库031架A面7列5层22/ [索取号:S965.8/107] | 在馆 | |
| 2 | 105287 | 200313981 | 中心书库中库/ 中库031架A面7列5层23/ [索取号:S965.8/107] | 在馆 | |
| 3 | 105288 | 200313963 | 中心书库中库/ 中库031架A面7列5层24/ [索取号:S965.8/107] | 在馆 | |
| 4 | 105289 | 200314007 | 中心书库中库/ 中库031架A面7列5层25/ [索取号:S965.8/107] | 在馆 | |
| 5 | 105290 | 200314016 | 中心书库中库/ 中库031架A面7列5层26/ [索取号:S965.8/107] | 在馆 | |
| 6 | 105291 | 200314034 | 中心书库中库/ 中库031架A面7列5层27/ [索取号:S965.8/107] | 在馆 | |
| 7 | 105292 | 200314052 | 中心书库中库/ 中库031架A面7列5层28/ [索取号:S965.8/107] | 在馆 | |
| 8 | 105293 | 200313909 | 中心书库中库/ 中库031架A面7列5层29/ [索取号:S965.8/107] | 在馆 | |
| 9 | 105294 | 200313927 | 中心书库中库/ 中库031架A面7列5层4/ [索取号:S965.8/107] | 在馆 |